| 000 | 00477 a2200157 4500 | ||
|---|---|---|---|
| 999 |
_c8615 _d8615 |
||
| 020 | _a192007645X | ||
| 050 | _aPL8711 MBO 2004 | ||
| 100 |
_aMmbi, M.N. ... [et al] _eauthor |
||
| 245 |
_aMbonyolosi / _cM.N. Mmbi [and others] |
||
| 264 |
_aThohoyandou : _bKalahari productions and Booksellers, _c2004 |
||
| 300 |
_av, 71p. : _bill. |
||
| 500 | _aIncludes bibliographical references | ||
| 650 | _aVenda language | ||
| 700 |
_aMmbi, M.N. _eauthor |
||
| 942 |
_2lcc _cBK _h8711 _iMBO _kPL |
||